| 000 | 01761 a2200217 4500 | ||
|---|---|---|---|
| 001 | 47158 | ||
| 005 | 20260407155740.0 | ||
| 008 | 260407a1990 arg spa d | ||
| 003 | AR-UNSa-BCEJYS | ||
| 040 |
_aAR-UNSa-BCEJYS _bspa _cAR-UNSa-BCEJYS |
||
| 080 |
_a330.834 _xKeynes y el keynesianismo. Neokeynesianismo. Poskeynesianismo |
||
| 245 | 1 | 0 | _aLa macroeconomía según Keynes. Una revisión de la teoría general |
| 020 | _a84-206-8131-8 | ||
| 264 | 1 |
_aMadrid : _bAlianza Editorial _c1990 |
|
| 300 |
_a412 p. _c23 cm. |
||
| 505 | _aParte I: Preliminares y fundamentos: 1. Keynes y la macroeconomía - 2. El método de la teoría general - 3. La estructura de agregación -- Parte II: Un modelo estático de un proceso dinámico: 4. La teoría de la producción y el empleo - 5. Los fundamentos microeconómicos de la oferta agregada - 6. Demanda agregada - 7. El mercado de trabajo: Keynes versus los clásicos - 8. Una profundización en la demanda de trabajo -- Parte III: Financiación: 9. Ahorro, Inversión, Interés y Financiación - 10. Incentivos a la liquidez - 11. La determinación del tipo de interés - 12. El sistema bancario - 13. El modelo estático: recapitulación -- Parte IV: El sistema en marcha: 14. El multiplicador - 15. Precios y producción - 16. Fluctuaciones cíclicas - 17. El dinero -- Parte V: Temas de política económica: 18. Implicaciones de política económica: política monetaria y fiscal - 19. La política económica en una perspectiva a largo plazo - 20. La relevancia de la Teoría general en la actualidad. | ||
| 942 | _cBK | ||
| 590 | _aniveau_biblio:m niveau_hierar:0 | ||
| 100 | 1 | _aChick, Victoria | |
| 856 | 4 | 1 |
_uhttps://www.biblioeco.unsa.edu.ar/pmb/images/libros/L127406.jpg _yImagen de portada _qimage/jpeg |
| 999 |
_c4299 _d4299 |
||